<?xml version="1.0" encoding="UTF-8"?>
<marc:records xmlns:marc="http://www.loc.gov/MARC21/slim" xmlns:xsi="http://www.w3.org/2001/XMLSchema-instance" xsi:schemaLocation="http://www.loc.gov/MARC21/slim http://www.loc.gov/standards/marcxml/schema/MARC21slim.xsd">
  <marc:record>
    <marc:leader>04815ntm a2200553 a 4500</marc:leader>
    <marc:controlfield tag="001">9979215021803681</marc:controlfield>
    <marc:controlfield tag="005">20260609152154.0</marc:controlfield>
    <marc:controlfield tag="008">230818q18001914et a          000 0 gez d</marc:controlfield>
    <marc:datafield ind1=" " ind2=" " tag="035">
  <marc:subfield code="a">(OCoLC)on1551449676</marc:subfield>
</marc:datafield>
    <marc:datafield ind1=" " ind2=" " tag="035">
  <marc:subfield code="a">(OCoLC)1551449676</marc:subfield>
</marc:datafield>
    <marc:datafield ind1=" " ind2=" " tag="040">
  <marc:subfield code="a">PAU</marc:subfield>
  <marc:subfield code="b">eng</marc:subfield>
  <marc:subfield code="c">PAU</marc:subfield>
  <marc:subfield code="e">amremm</marc:subfield>
</marc:datafield>
    <marc:datafield ind1=" " ind2="9" tag="099">
  <marc:subfield code="a">Ms. Codex 2338</marc:subfield>
</marc:datafield>
    <marc:datafield ind1="2" ind2=" " tag="110">
  <marc:subfield code="a">YaʼItyop̣yā ʼortodoks tawāḥedo béta kerestiyān,</marc:subfield>
  <marc:subfield code="e">issuing body.</marc:subfield>
  <marc:subfield code="0">http://id.loc.gov/authorities/names/n50076393</marc:subfield>
  <marc:subfield code="1">http://viaf.org/viaf/125463366</marc:subfield>
</marc:datafield>
    <marc:datafield ind1="1" ind2="0" tag="245">
  <marc:subfield code="a">[Ethiopian liturgical manuscript].</marc:subfield>
</marc:datafield>
    <marc:datafield ind1=" " ind2=" " tag="260">
  <marc:subfield code="a">[Ethiopia],</marc:subfield>
  <marc:subfield code="c">[before 1914]</marc:subfield>
</marc:datafield>
    <marc:datafield ind1=" " ind2=" " tag="300">
  <marc:subfield code="a">131 leaves :</marc:subfield>
  <marc:subfield code="b">parchment ;</marc:subfield>
  <marc:subfield code="c">165 x 115 (120 x 90) mm bound to 170 x 115 mm</marc:subfield>
</marc:datafield>
    <marc:datafield ind1=" " ind2=" " tag="336">
  <marc:subfield code="a">text</marc:subfield>
  <marc:subfield code="b">txt</marc:subfield>
  <marc:subfield code="2">rdacontent</marc:subfield>
</marc:datafield>
    <marc:datafield ind1=" " ind2=" " tag="337">
  <marc:subfield code="a">unmediated</marc:subfield>
  <marc:subfield code="b">n</marc:subfield>
  <marc:subfield code="2">rdamedia</marc:subfield>
</marc:datafield>
    <marc:datafield ind1=" " ind2=" " tag="338">
  <marc:subfield code="a">volume</marc:subfield>
  <marc:subfield code="b">nc</marc:subfield>
  <marc:subfield code="2">rdacarrier</marc:subfield>
</marc:datafield>
    <marc:datafield ind1=" " ind2=" " tag="500">
  <marc:subfield code="a">Ms. codex.</marc:subfield>
</marc:datafield>
    <marc:datafield ind1=" " ind2=" " tag="520">
  <marc:subfield code="a">Manuscript copy of the liturgy of the Ethiopian Orthodox Church, with a cross in square diagram (p. 255).</marc:subfield>
</marc:datafield>
    <marc:datafield ind1=" " ind2=" " tag="546">
  <marc:subfield code="a">Ethiopic.</marc:subfield>
</marc:datafield>
    <marc:datafield ind1=" " ind2=" " tag="500">
  <marc:subfield code="a">Title supplied by cataloger.</marc:subfield>
</marc:datafield>
    <marc:datafield ind1=" " ind2=" " tag="500">
  <marc:subfield code="a">Collation: Parchment, 131; 1⁴⁻¹(-2) 2-13¹⁰ 14⁸: [i-vi, 1-256], modern pagination in pencil, upper center.</marc:subfield>
</marc:datafield>
    <marc:datafield ind1=" " ind2=" " tag="500">
  <marc:subfield code="a">Layout: Written in 2 columns of 23 lines; ruled in hard point with vertical bounding lines; pricking visible in outer margins throughout and in upper and lower margins occasionally.</marc:subfield>
</marc:datafield>
    <marc:datafield ind1=" " ind2=" " tag="500">
  <marc:subfield code="a">Script: Written in Ge'ez (or Ethiopic) script.</marc:subfield>
</marc:datafield>
    <marc:datafield ind1=" " ind2=" " tag="500">
  <marc:subfield code="a">Decoration: Cross in square diagram in red and black ink (p. 255); text in black and red ink throughout.</marc:subfield>
</marc:datafield>
    <marc:datafield ind1=" " ind2=" " tag="500">
  <marc:subfield code="a">Binding: Ethiopian or Coptic binding with wooden covers, chain stitch sewing, and uncovered spine.  Repaired since 1985, when the description in the Endowment for Biblical Research catalog noted that the back cover was detached and that a string bundle bookmark, no longer with the manuscript, was attached.</marc:subfield>
</marc:datafield>
    <marc:datafield ind1=" " ind2=" " tag="500">
  <marc:subfield code="a">Origin: Written in Ethiopia before 1914, probably in the 19th century (Mercer).</marc:subfield>
</marc:datafield>
    <marc:datafield ind1="1" ind2=" " tag="561">
  <marc:subfield code="a">Gift of Abuna Mātéwos, Metropolitan of the Ethiopian Orthodox Church, to Samuel A. B. Mercer, professor of Hebrew and Old Testament literature at Western Theological Seminary, Chicago, 1914; Mercer Ms. Eth. 3 (Mercer note in ink, p. i).</marc:subfield>
</marc:datafield>
    <marc:datafield ind1="1" ind2=" " tag="561">
  <marc:subfield code="a">Gift of Samuel A. B. Mercer to the Zion Research Library (Brookline, Massachusetts; in 1976 renamed the Endowment for Biblical Research), through Marguerite A. Smith, Librarian (Mercer note in ink, p. i); held in that library through at least 1985 (MS 20).</marc:subfield>
</marc:datafield>
    <marc:datafield ind1="1" ind2=" " tag="561">
  <marc:subfield code="a">Formerly held by the Newberry Library (Chicago) and deaccessioned in the 1990s.</marc:subfield>
</marc:datafield>
    <marc:datafield ind1="1" ind2=" " tag="561">
  <marc:subfield code="a">Sold by Sam Fogg (London), 2023.</marc:subfield>
</marc:datafield>
    <marc:datafield ind1=" " ind2=" " tag="581">
  <marc:subfield code="a">Mercer, Samuel A. B.  The Ethiopic liturgy: its sources, development, and present form.  Milwaukee: The Young Churchman Company; London: A. R. Mowbray &amp; Company, 1915.  This publication of Mercer's 1914-15 Hale Lectures at the Western Theological Seminary includes a translation and a partial photographic facsimile (p. 34b-106).</marc:subfield>
</marc:datafield>
    <marc:datafield ind1=" " ind2=" " tag="581">
  <marc:subfield code="a">Manuscripts, sacred and secular : from the collections of the Endowment for Biblical Research and Boston University (Boston: Endowment for Biblical Research, 1985), number 8 (p.5).</marc:subfield>
</marc:datafield>
    <marc:datafield ind1=" " ind2=" " tag="524">
  <marc:subfield code="a">Ethiopian Liturgical Manuscript (Ms. Codex 2338).  Kislak Center for Special Collections, Rare Books and Manuscripts, University of Pennsylvania.</marc:subfield>
</marc:datafield>
    <marc:datafield ind1=" " ind2=" " tag="590">
  <marc:subfield code="a">Acquired for the Penn Libraries with assistance from the Constance L. Rosenthal Book Fund.</marc:subfield>
</marc:datafield>
    <marc:datafield ind1="2" ind2="0" tag="610">
  <marc:subfield code="a">YaʼItyop̣yā ʼortodoks tawāḥedo béta kerestiyān</marc:subfield>
  <marc:subfield code="x">Liturgy</marc:subfield>
  <marc:subfield code="v">Texts.</marc:subfield>
</marc:datafield>
    <marc:datafield ind1=" " ind2="7" tag="655">
  <marc:subfield code="a">codices (bound manuscripts)</marc:subfield>
  <marc:subfield code="2">aat</marc:subfield>
  <marc:subfield code="0">http://vocab.getty.edu/aat/300224200</marc:subfield>
</marc:datafield>
    <marc:datafield ind1=" " ind2="7" tag="655">
  <marc:subfield code="a">diagrams</marc:subfield>
  <marc:subfield code="2">aat</marc:subfield>
  <marc:subfield code="0">http://vocab.getty.edu/aat/300015387</marc:subfield>
</marc:datafield>
    <marc:datafield ind1=" " ind2="7" tag="655">
  <marc:subfield code="a">Liturgical books.</marc:subfield>
  <marc:subfield code="2">rbmscv</marc:subfield>
</marc:datafield>
    <marc:datafield ind1=" " ind2="4" tag="655">
  <marc:subfield code="a">Manuscripts, Ethiopic</marc:subfield>
  <marc:subfield code="y">19th century.</marc:subfield>
</marc:datafield>
    <marc:datafield ind1=" " ind2="4" tag="655">
  <marc:subfield code="a">Manuscripts, Ethiopic</marc:subfield>
  <marc:subfield code="y">20th century.</marc:subfield>
</marc:datafield>
    <marc:datafield ind1="1" ind2=" " tag="700">
  <marc:subfield code="a">Mātéwos,</marc:subfield>
  <marc:subfield code="c">Metropolitan of the Ethiopian Orthodox Church,</marc:subfield>
  <marc:subfield code="d">approximately 1843-1926,</marc:subfield>
  <marc:subfield code="e">former owner.</marc:subfield>
  <marc:subfield code="0">http://id.loc.gov/authorities/names/no2023070065</marc:subfield>
  <marc:subfield code="1">http://viaf.org/viaf/186168840327645402908</marc:subfield>
</marc:datafield>
    <marc:datafield ind1="1" ind2=" " tag="700">
  <marc:subfield code="a">Mercer, Samuel A. B.</marc:subfield>
  <marc:subfield code="q">(Samuel Alfred Browne),</marc:subfield>
  <marc:subfield code="d">1880-1969,</marc:subfield>
  <marc:subfield code="e">former owner.</marc:subfield>
  <marc:subfield code="0">http://id.loc.gov/authorities/names/n83166154</marc:subfield>
  <marc:subfield code="1">http://viaf.org/viaf/112498864</marc:subfield>
</marc:datafield>
    <marc:datafield ind1="2" ind2=" " tag="710">
  <marc:subfield code="a">Endowment for Biblical Research,</marc:subfield>
  <marc:subfield code="e">former owner.</marc:subfield>
  <marc:subfield code="0">http://id.loc.gov/authorities/names/n85245361</marc:subfield>
  <marc:subfield code="1">http://viaf.org/viaf/149780209</marc:subfield>
</marc:datafield>
    <marc:datafield ind1="2" ind2=" " tag="710">
  <marc:subfield code="a">Newberry Library,</marc:subfield>
  <marc:subfield code="e">former owner.</marc:subfield>
  <marc:subfield code="0">http://id.loc.gov/authorities/names/n80004207</marc:subfield>
  <marc:subfield code="1">http://viaf.org/viaf/155372052</marc:subfield>
</marc:datafield>
    <marc:datafield ind1="8" ind2=" " tag="852">
  <marc:subfield code="b">Kislak Center for Special Collections, Rare Books and Manuscripts</marc:subfield>
  <marc:subfield code="a">University of Pennsylvania</marc:subfield>
  <marc:subfield code="e">3420 Walnut Street, Philadelphia, Pennsylvania 19104-6206.</marc:subfield>
  <marc:subfield code="j">Ms. Codex 2338</marc:subfield>
</marc:datafield>
    <marc:datafield ind1=" " ind2=" " tag="AVA">
  <marc:subfield code="0">9979215021803681</marc:subfield>
  <marc:subfield code="8">22777731580003681</marc:subfield>
  <marc:subfield code="a">01UPENN_INST</marc:subfield>
  <marc:subfield code="b">KislakCntr</marc:subfield>
  <marc:subfield code="c">Manuscripts</marc:subfield>
  <marc:subfield code="d">Ms. Codex 2338</marc:subfield>
  <marc:subfield code="e">available</marc:subfield>
  <marc:subfield code="f">1</marc:subfield>
  <marc:subfield code="g">0</marc:subfield>
  <marc:subfield code="j">scmss</marc:subfield>
  <marc:subfield code="k">8</marc:subfield>
  <marc:subfield code="p">1</marc:subfield>
  <marc:subfield code="q">Kislak Center for Special Collections, Rare Books and Manuscripts</marc:subfield>
</marc:datafield>
    <marc:datafield ind1="0" ind2="0" tag="773">
  <marc:subfield code="t">Constance L. Rosenthal Book Fund.</marc:subfield>
</marc:datafield>
    <marc:holdings>
  <marc:holding>
    <marc:holding_id>22777731580003681</marc:holding_id>
    <marc:call_number>Ms. Codex 2338</marc:call_number>
    <marc:library>KislakCntr</marc:library>
    <marc:location>scmss</marc:location>
  </marc:holding>
</marc:holdings>
  </marc:record>
</marc:records>
